00538nam a2200157 a 450000100100000000500170001000800410002702000150006804000250008310000280010824500730013626000370020930000280024650400300027450000760030400004310820201002040638.0140219s1998 sp ac 000 0 spa d a8495080001 aDO-SdBNPbspacBNPHU1 aUtrera Macías, Rafael10aAzorín :bperiodismo Cinematográfico. /cRafael Utrera Macías. aBarcelona, :bFilm ideal,c1998. a257 p. :bil. ;c22 cm. aBibliografía p: 251-257 aIncluye datos biografícos del autor en la solapa de la contraportada.